000 00474nam a2200157 4500
001 121200
003 ES-MaACL
005 20230906191717.0
007 t|
008 070214s1971 sp r ||||1| spa d
245 0 0 _aPrevisión matemática del desarrollo turístico español.
260 _aMadrid :
_bInstituto de Estudios Turísticos,
_c1971.
300 _a259 p. ;
_c21 cm.
710 0 0 _aInstituto de Estudios Turísticos.
_94936
852 _aES-MaACL
_jC-41964
_bR.79164
999 _c121200
_d121200